[Event "TIPC 2012"]
[Site "Charleroi"]
[Date "2012.08.04"]
[Round "9.7"]
[White "Noiroux, Kevin"]
[Black "Le Quang, Kim"]
[Result "0-1"]
[WhiteElo "2154"]
[BlackElo "2282"]

1. d4 Nf6 2. Nf3 g6 3. Bg5 Bg7 4. Nbd2 d6 5. e4 O-O 6. Bd3 h6 7. Be3 Ng4 8. Bf4
e5 9. dxe5 Nxe5 10. Nxe5 dxe5 11. Be3 Be6 12. Qe2 Nd7 13. a4 Qe7 14. g4 Nc5 15.
Bc4 Bxc4 16. Bxc5 Qxc5 17. Qxc4 Qe7 18. h4 Rfd8 19. c3 Rd7 20. Nf1 Rad8 21. Ne3
c6 22. Rd1 Rxd1+ 23. Nxd1 Qf6 24. Qe2 Qf4 25. Rh3 Bf6 26. b4 Be7 27. Nb2 Qc1+
28. Nd1 Kg7 29. h5 Qb1 30. hxg6 fxg6 31. a5 Bg5 32. a6 b5 33. Rf3 Rd2 34. Qxd2
Bxd2+ 35. Kxd2 Qxe4 36. Re3 Qxg4 37. Rxe5 Qf4+ 38. Re3 h5 39. Ke2 Qf7 40. Kf1
Kh6 41. Re5 Qa2 42. Rc5 Qxa6 43. Ne3 Qc8 44. Nc2 Qh3+ 45. Ke2 Qg4+ 46. Ke3 h4
47. Nd4 h3 48. Nf3 Qg2 49. Nh4 Qg1 50. Nf3 h2 51. Nxh2 Qxh2 52. f4 Qg1+ 53. Kd3
a5 54. Rxc6 Qg3+ 55. Kd4 Qxf4+ 56. Kc5 axb4 57. cxb4 Qc4+ 0-1

[Event "TIPC 2012"]
[Site "Charleroi"]
[Date "2012.08.04"]
[Round "9.8"]
[White "Maes, Wim"]
[Black "De Strycker, Nathan"]
[Result "0-1"]
[WhiteElo "2268"]
[BlackElo "1884"]

1. g3 g6 2. Bg2 Bg7 3. Nf3 c5 4. d3 Nc6 5. O-O e5 6. e4 Nge7 7. c3 d6 8. a3 O-O
9. b4 b6 10. Bb2 h6 11. Nbd2 f5 12. b5 Na5 13. exf5 Bxf5 14. Qe2 Qd7 15. a4
Rae8 16. Rfe1 g5 17. h4 g4 18. Nh2 d5 19. Rad1 Qe6 20. c4 d4 21. Be4 h5 22.
Nhf1 Bh6 23. Bc1 Kh8 24. Bxf5 Rxf5 25. Ne4 Bxc1 26. Rxc1 Ref8 27. Nfd2 Nc8 28.
Rf1 Nb7 29. Ng5 Qd7 30. f3 Nbd6 31. fxg4 hxg4 32. Rce1 Ne7 33. Rxf5 Rxf5 34.
Qg2 Ng6 35. Qd5 Qe7 36. Nde4 Nxe4 37. Rxe4 Qf8 38. Re1 e4 39. Qd7 Rxg5 40. hxg5
Ne5 41. Qe6 Nf3+ 42. Kh1 Nxe1 43. Qe5+ Kg8 44. Qe6+ Qf7 45. Qxe4 Qf1+ 0-1

[Event "TIPC 2012"]
[Site "Charleroi"]
[Date "2012.08.04"]
[Round "9.9"]
[White "Van Cappellen, Jonas"]
[Black "Sclacmender, Julien"]
[Result "1/2-1/2"]
[WhiteElo "2103"]
[BlackElo "2223"]

1. c4 e5 2. g3 d6 3. Bg2 Nc6 4. Nc3 g6 5. d3 Bg7 6. Nf3 Nge7 7. O-O O-O 8. Rb1
a5 9. Nd5 h6 10. a3 Be6 11. Ne1 Kh7 12. b4 axb4 13. axb4 Qd7 14. b5 Nd8 15. Nc2
f5 16. f4 Rb8 17. Nce3 Nf7 18. b6 c6 19. Nc7 exf4 20. gxf4 Bd4 21. Kh1 Nc8 22.
Ned5 Nd8 23. e3 Bg7 24. Nxe6 Nxe6 25. Nc7 Nxc7 26. bxc7 Qxc7 27. e4 Ne7 28. Be3
c5 29. Rb5 fxe4 30. dxe4 Nc6 31. Qd3 Bd4 32. Bd2 Ra8 33. Rfb1 Ra1 34. Rxa1 Bxa1
35. Qb1 Bg7 36. Rxb7 Qc8 37. Qb6 Qg4 38. Qb1 Nd4 39. Qf1 Qe2 40. Qxe2 Nxe2 41.
e5 dxe5 42. fxe5 Re8 43. Bd5 Rxe5 44. Rc7 Nd4 45. Rxc5 Nb3 46. Rc8 Nxd2 47.
Bg8+ Kh8 48. Bd5+ Kh7 49. Bg8+ 1/2-1/2

[Event "TIPC 2012"]
[Site "Charleroi"]
[Date "2012.08.04"]
[Round "9.10"]
[White "Lacroix, Bruno"]
[Black "Schneider, Hans-Peter"]
[Result "0-1"]
[WhiteElo "2183"]
[BlackElo "2130"]

1. c4 e6 2. g3 d5 3. Nf3 c5 4. Bg2 Nc6 5. O-O Nf6 6. cxd5 exd5 7. d4 Be7 8.
dxc5 Bxc5 9. Bg5 O-O 10. Qc2 Be7 11. Nc3 h6 12. Bxf6 Bxf6 13. Rfd1 d4 14. Ne4
Bf5 15. Nxf6+ Qxf6 16. Qa4 Rfe8 17. Rd2 Rad8 18. Rad1 Be4 19. Qb5 d3 20. Qb3
dxe2 21. Rxe2 Bxf3 22. Rxe8+ Rxe8 23. Qxf3 Qxb2 24. Qb3 Qxb3 25. axb3 Rd8 26.
Ra1 Rd3 27. Bxc6 bxc6 28. Rxa7 Rxb3 29. Rc7 Rc3 30. Kg2 h5 31. h4 g6 32. Kf1
Rc2 33. Kg2 Rc3 34. Kf1 Rc2 35. Kg2 Kg7 36. Kf3 Kf6 37. Ke3 Ke6 38. Kf3 Rc5 39.
Kg2 Rc2 40. Kf3 Rc5 41. Kg2 f6 42. Rc8 g5 43. hxg5 fxg5 44. Kf3 Kd5 45. Rh8 g4+
46. Ke2 Kc4 47. Rh6 Kc3 48. Re6 Kd4 49. Rd6+ Kc4 50. Re6 Kb5 51. Re8 Rf5 52.
Ke1 c5 53. Re2 Rd5 54. Re8 Kb4 55. Rb8+ Kc3 56. Rb5 Kc4 57. Rb8 Kc3 58. Rb5 Kd4
59. Rb8 c4 60. Kd2 Ke4+ 61. Ke2 c3 62. Rc8 Rd2+ 63. Ke1 Kd3 64. Rd8+ Kc2 65.
Rc8 Rd4 66. Re8 Kb3 67. Re7 c2 68. Rb7+ Kc3 0-1